000 01258nam0a22002651 4500
001 rc\1019042
005 20260406190738.0
035 _a(NLR Aleph) 006183915
090 _a6094909
_c6094909
100 _a20041129d1981 |||y0rusy50 ca
101 0 _arus
102 _aRU
105 _aa |||||||||
200 1 _aМетоды изучения тектоники угольных месторождений в процессе разведки и эксплуатации
_e[Докл. всесоюз. школы]
210 _aМ.
_cНедра
_d1981
215 _a180 с.
_cил.
_d21
300 _aВ надзаг.: Науч.-техн. горн. о-во, Секция тектоники угольных месторождений и геофиз. работ
320 _aБиблиогр. в конце глав
712 0 2 _aНаучно-техническое горное общество
_cМосква
_3RU\NLR\AUTH\889952714
_9401394
712 1 2 _aВсесоюзная школа по обмену передовым опытом изучения тектоники угольных месторождений
_d3
_f1981
_eМосква
801 0 _aRU
_bNLR
_gpsbo
801 1 _aRU
_bELAR
_2rusmarc
852 _aNLR
_j82-5/1664
942 _cBOOK
980 _aNB